Science of yoga (Record no. 396127)

MARC details
000 -LEADER
fixed length control field 00450 a2200181 4500
005 - DATE & TIME
control field 20260212113023.0
008 - FIXED-LENGTH DATA ELEMENTS--GENERAL INFORMATION
fixed length control field 260211b |||||||| |||| 00| 0 eng d
020 ## - ISBN
International Standard Book Number 9789391973490
Price Rs. 2195.00
040 ## - CATALOGING SOURCE
Original cataloging agency VIVEKANANDA LIBRARY
082 ## - DDC NUMBER
Classification number 181.452
Book Number P259S
100 ## - MAIN ENTRY--PERSONAL NAME
Personal name Parveen Kumar
245 ## - TITLE STATEMENT
Title Science of yoga
260 ## - PUBLICATION, DISTRIBUTION, ETC. (IMPRINT)
Name of publisher, distributor, etc Ishika Publishing House
Date of publication, distribution, etc 2025
Place of publication, distribution, etc Jaipur
300 ## - PHYSICAL DESCRIPTION
Pages viii, 284
650 ## - Subject
Subject Yoga
650 ## - Subject
Subject Indian Philosophy
942 ## - ADDED ENTRY ELEMENTS (KOHA)
Koha item type Books
Holdings
Withdrawn status Lost status Source of classification or shelving scheme Damaged status Not for loan Location (home branch) Sublocation or collection (holding branch) Shelving location Date acquired Koha issues (times borrowed) Koha full call number Accession No. Koha date last seen Koha item type
    Dewey Decimal Classification     VIVEKANANDA LIBRARY VIVEKANANDA LIBRARY Vivekananda Library 22/01/2026 1 181.452 P259S 444509 30/03/2026 Books
    Dewey Decimal Classification     VIVEKANANDA LIBRARY VIVEKANANDA LIBRARY Vivekananda Library 22/01/2026   181.452 P259S 444508 22/01/2026 Books
© Designed and Maintained by Vivekananda Library, MDU Rohtak